[Event "NATO-ch 22nd"]
[Site "Kaunas"]
[Date "2011.08.10"]
[Round "4.1"]
[White "Haznedaroglu, Kivanc"]
[Black "Andersen, Hans Christoph"]
[Result "1-0"]
[WhiteElo "2444"]
[BlackElo "2211"]
[PlyCount "81"]
[EventDate "2011.08.??"]
[EventType "swiss"]
[EventRounds "7"]
[EventCountry "LTU"]
[WhiteTeam "TUR"]
[BlackTeam "GER"]

1. e4 e6 2. Qe2 c5 3. d3 Nc6 4. Nf3 g6 5. g3 Bg7 6. Bg2 Nge7 7. h4 h6 8. O-O d6
9. Nbd2 e5 10. c3 Be6 11. b3 O-O 12. Bb2 b5 13. h5 g5 14. Nh2 Rc8 15. Ng4 f5
16. exf5 Nxf5 17. Ne4 Qd7 18. Nh2 Qe7 19. c4 Nfd4 20. Qd1 Qd7 21. Bc1 bxc4 22.
bxc4 Rb8 23. f3 Bf7 24. f4 exf4 25. gxf4 Nf5 26. Bd2 Bd4+ 27. Kh1 d5 28. cxd5
Bxd5 29. Qg4 Bxa1 30. Rxa1 Ncd4 31. fxg5 Kh8 32. Nf3 Qc7 33. Bf4 Qe7 34. Ne5
Rg8 35. Ng6+ Rxg6 36. hxg6 Rb2 37. gxh6 Rxg2 38. g7+ Kh7 39. Qxg2 Qh4+ 40. Bh2
Ng3+ 41. Qxg3 1-0

[Event "NATO-ch 22nd"]
[Site "Kaunas"]
[Date "2011.08.10"]
[Round "4.2"]
[White "Kapral, Krzysztof"]
[Black "Erturan, Yakup"]
[Result "0-1"]
[WhiteElo "2157"]
[BlackElo "2342"]
[PlyCount "114"]
[EventDate "2011.08.??"]
[EventType "swiss"]
[EventRounds "7"]
[EventCountry "LTU"]
[WhiteTeam "POL"]
[BlackTeam "TUR"]

1. Nf3 c5 2. c4 Nc6 3. Nc3 g6 4. g3 Bg7 5. Bg2 e5 6. d3 Nge7 7. O-O O-O 8. Bd2
h6 9. Qc1 Kh7 10. Nd5 d6 11. Rb1 Be6 12. Nxe7 Qxe7 13. a3 f5 14. Bc3 Rac8 15.
b4 cxb4 16. axb4 b5 17. Nd2 bxc4 18. dxc4 Nd4 19. Bxd4 exd4 20. Qc2 Rc7 21. Qd3
Rfc8 22. Rfc1 Qf7 23. b5 Bxc4 24. Nxc4 d5 25. Qa3 dxc4 26. Bc6 c3 27. Qa4 Re7
28. Rc2 f4 29. Rd1 Rf8 30. Bf3 fxg3 31. hxg3 Qf5 32. Ra2 Qc5 33. Rd3 Qf5 34.
Qc4 Qe5 35. Ra6 Rf5 36. b6 axb6 37. Rxb6 Rc7 38. Rc6 Rxc6 39. Qxc6 Qc5 40. Rd1
d3 41. exd3 Qxc6 42. Bxc6 Bd4 43. Ba4 Rxf2 44. Kh1 h5 45. Re1 Ra2 46. Bb3 Rb2
47. Ba4 c2 48. Bxc2 Rxc2 49. Re4 Bf6 50. Re6 Kg7 51. Re4 Rd2 52. Re3 Kh6 53.
Rf3 Bb2 54. Kg1 Kg5 55. Kf1 Kg4 56. Rf2 Rxf2+ 57. Kxf2 Be5 0-1

[Event "NATO-ch 22nd"]
[Site "Kaunas"]
[Date "2011.08.10"]
[Round "4.3"]
[White "Harwood, Duncan J"]
[Black "Drabke, Lorenz Maximilian"]
[Result "0-1"]
[WhiteElo "2180"]
[BlackElo "2472"]
[PlyCount "80"]
[EventDate "2011.08.??"]
[EventType "swiss"]
[EventRounds "7"]
[EventCountry "LTU"]
[WhiteTeam "ENG"]
[BlackTeam "GER"]

1. e4 c5 2. Nf3 e6 3. d3 Nc6 4. Nbd2 d6 5. g3 Nf6 6. Bg2 Be7 7. O-O O-O 8. Re1
Bd7 9. Nf1 Rc8 10. c3 b5 11. d4 cxd4 12. cxd4 Nb4 13. Re2 d5 14. e5 Ne4 15. Ne1
f6 16. f3 Ng5 17. Bxg5 fxg5 18. a3 Nc6 19. Kh1 Qb6 20. Nc2 a5 21. b3 Be8 22.
Bh3 Nd8 23. Rd2 Bg6 24. Nce3 Rc3 25. Bg2 Qc6 26. Kg1 Nf7 27. Rb2 Rc8 28. a4 Bb4
29. Qe2 Bd3 30. Qd1 Qb6 31. axb5 Qxd4 32. Rd2 Nxe5 33. b6 Qxb6 34. f4 gxf4 35.
gxf4 Bxf1 36. Kxf1 Rxe3 37. Rc1 Rxc1 38. Qxc1 Bxd2 39. Qc8+ Kf7 40. fxe5 Re1#
0-1

[Event "NATO-ch 22nd"]
[Site "Kaunas"]
[Date "2011.08.10"]
[Round "4.4"]
[White "Wantiez, Fabrice"]
[Black "Papista, Akos"]
[Result "1-0"]
[WhiteElo "2357"]
[BlackElo "2158"]
[PlyCount "151"]
[EventDate "2011.08.??"]
[EventType "swiss"]
[EventRounds "7"]
[EventCountry "LTU"]
[WhiteTeam "BEL"]
[BlackTeam "HUN"]

1. e4 e5 2. Nf3 Nc6 3. Bb5 a6 4. Ba4 Nf6 5. O-O Be7 6. Re1 b5 7. Bb3 d6 8. c3
O-O 9. h3 Nb8 10. d4 Nbd7 11. Nbd2 Bb7 12. Bc2 Re8 13. Nf1 Bf8 14. Ng3 g6 15.
b3 c5 16. d5 h6 17. a4 bxa4 18. Rxa4 a5 19. Be3 Qc7 20. Nd2 Nb6 21. Ra3 Nbxd5
22. exd5 Nxd5 23. c4 Nxe3 24. fxe3 f5 25. e4 f4 26. Ne2 g5 27. Nc3 Qf7 28. Nd5
h5 29. Qf3 Re6 30. Rea1 Rh6 31. Rxa5 Rxa5 32. Rxa5 Bc8 33. Ra1 g4 34. Qd3 Rg6
35. hxg4 hxg4 36. Kf2 Rh6 37. Rg1 Rh5 38. Ke2 Bh6 39. Kd1 Bg5 40. Kc1 Rh2 41.
Kb1 Bh4 42. Nb6 Be6 43. Qxd6 Bf2 44. Qb8+ Kh7 45. Rf1 Be3 46. Qxe5 Bxd2 47. Nd5
Rh6 48. Nxf4 Be3 49. Qg5 Bxf4 50. Rxf4 Rh1+ 51. Kb2 Qg7+ 52. e5+ Kh8 53. Qd8+
Bg8 54. Qf6 Qxf6 55. exf6 Bf7 56. Rxg4 Rf1 57. Bg6 Rxf6 58. Bxf7 Rxf7 59. Rg5
Rc7 60. Kc3 Kh7 61. Kd3 Kh6 62. Rg3 Kh5 63. Ke4 Rd7 64. Kf5 Kh6 65. Rg6+ Kh7
66. Rb6 Rd3 67. g4 Kg7 68. Rb7+ Kg8 69. g5 Kf8 70. Kg6 Rd6+ 71. Kh7 Rd3 72.
Rb8+ Kf7 73. g6+ Kf6 74. Rb6+ Ke7 75. g7 Rh3+ 76. Rh6 1-0

[Event "NATO-ch 22nd"]
[Site "Kaunas"]
[Date "2011.08.10"]
[Round "4.5"]
[White "Malloni, Marcello"]
[Black "Kersic, Matej"]
[Result "1-0"]
[WhiteElo "2279"]
[BlackElo "2128"]
[PlyCount "99"]
[EventDate "2011.08.??"]
[EventType "swiss"]
[EventRounds "7"]
[EventCountry "LTU"]
[WhiteTeam "ITA"]
[BlackTeam "SLO"]

1. e4 c5 2. Nf3 d6 3. d4 cxd4 4. Qxd4 a6 5. h3 Nc6 6. Qe3 e6 7. c4 Nf6 8. Be2
Be7 9. O-O O-O 10. Nc3 Ne5 11. Nd4 Qc7 12. b3 Bd7 13. Bb2 Nc6 14. Nf3 Ne5 15.
Nd2 Ng6 16. Rac1 Qc5 17. Qxc5 dxc5 18. f4 Bc6 19. e5 Rfd8 20. Rcd1 Ne8 21. g3
f6 22. exf6 Bxf6 23. Bf3 Ne7 24. Bxc6 Nxc6 25. Nde4 Bd4+ 26. Kg2 Nd6 27. Nxd6
Rxd6 28. Ne4 Rdd8 29. Bxd4 cxd4 30. Nc5 b6 31. Nxe6 Rd7 32. Rd2 Re8 33. Ng5 d3
34. Nf3 Kf7 35. Kf2 Kf6 36. Rfd1 Red8 37. Ne1 Nb4 38. a3 Nc2 39. Rxd3 Rxd3 40.
Rxd3 Rxd3 41. Nxd3 Nxa3 42. Ke3 a5 43. g4 h5 44. Ke4 hxg4 45. hxg4 a4 46. bxa4
Nxc4 47. Kd4 Na5 48. Kd5 Ke7 49. Ne5 Nb3 50. Nc4 1-0

[Event "NATO-ch 22nd"]
[Site "Kaunas"]
[Date "2011.08.10"]
[Round "4.6"]
[White "Pedersen, Finn"]
[Black "Kedzierski, Slawomir"]
[Result "0-1"]
[WhiteElo "2279"]
[BlackElo "2082"]
[PlyCount "66"]
[EventDate "2011.08.??"]
[EventType "swiss"]
[EventRounds "7"]
[EventCountry "LTU"]
[WhiteTeam "DEN"]
[BlackTeam "POL"]

1. Nf3 Nf6 2. d4 e6 3. Bg5 Be7 4. Nbd2 d5 5. e3 Nbd7 6. Bd3 O-O 7. O-O c5 8. c3
b6 9. Ne5 Nxe5 10. dxe5 Nd7 11. Bxe7 Qxe7 12. f4 f6 13. exf6 Nxf6 14. e4 dxe4
15. Nxe4 Nd5 16. Qd2 Bd7 17. Rae1 g6 18. Ng5 c4 19. Be4 Qc5+ 20. Kh1 Rae8 21.
g3 Nf6 22. Bg2 e5 23. fxe5 Rxe5 24. Rxe5 Qxe5 25. Nf3 Qc5 26. Nd4 Kg7 27. Rf4
h6 28. h3 g5 29. Rf2 Qe5 30. Ne2 Bc8 31. Qd4 Qxd4 32. Nxd4 Bd7 33. Kh2 Ng4+ 0-1

[Event "NATO-ch 22nd"]
[Site "Kaunas"]
[Date "2011.08.10"]
[Round "4.7"]
[White "Van Rijn, Wouter"]
[Black "Rosenkilde, Alexander"]
[Result "0-1"]
[WhiteElo "2191"]
[BlackElo "2235"]
[PlyCount "72"]
[EventDate "2011.08.??"]
[EventType "swiss"]
[EventRounds "7"]
[EventCountry "LTU"]
[WhiteTeam "NED"]
[BlackTeam "DEN"]

1. e4 c5 2. Nf3 Nc6 3. d4 cxd4 4. Nxd4 Nf6 5. Nc3 e5 6. Ndb5 d6 7. Bg5 a6 8.
Na3 b5 9. Nd5 Be7 10. Bxf6 Bxf6 11. c3 O-O 12. Nc2 Bg5 13. g3 Ne7 14. Bg2 Nxd5
15. Qxd5 Be6 16. Qc6 Qb8 17. Rd1 Be7 18. Nb4 Rc8 19. Nd5 Rxc6 20. Nxe7+ Kf8 21.
Nxc6 Qc7 22. Nb4 a5 23. Nd5 Bxd5 24. Rxd5 Qc4 25. Rxd6 Qxa2 26. Rd2 Qc4 27. f4
b4 28. cxb4 axb4 29. Kf2 Rc8 30. Re1 Qb5 31. fxe5 Qxe5 32. Re3 Rc1 33. Red3 g6
34. Rd5 Qc7 35. Re2 Rc2 36. Ke1 Rxb2 0-1

[Event "NATO-ch 22nd"]
[Site "Kaunas"]
[Date "2011.08.10"]
[Round "4.8"]
[White "Vuitton, Gilles"]
[Black "Vaznonis, Vytautas"]
[Result "1/2-1/2"]
[WhiteElo "2094"]
[BlackElo "2395"]
[PlyCount "46"]
[EventDate "2011.08.??"]
[EventType "swiss"]
[EventRounds "7"]
[EventCountry "LTU"]
[WhiteTeam "FRA"]
[BlackTeam "LTU"]

1. c4 Nf6 2. Nc3 c5 3. Nf3 e6 4. e3 d5 5. d4 Nc6 6. cxd5 exd5 7. Bb5 Bd6 8.
dxc5 Bxc5 9. Bxc6+ bxc6 10. Qa4 Qd6 11. O-O O-O 12. e4 Ng4 13. exd5 cxd5 14.
Bf4 Qg6 15. Qb5 Qb6 16. Qxb6 axb6 17. h3 Nf6 18. Be5 Ne4 19. Bd4 Ba6 20. Rfd1
Bxd4 21. Rxd4 Nxc3 22. bxc3 Bc4 23. Ne5 Rfc8 1/2-1/2

[Event "NATO-ch 22nd"]
[Site "Kaunas"]
[Date "2011.08.10"]
[Round "4.9"]
[White "Picart, Laurent"]
[Black "Helbig, Mark"]
[Result "1/2-1/2"]
[WhiteElo "2094"]
[BlackElo "2315"]
[PlyCount "74"]
[EventDate "2011.08.??"]
[EventType "swiss"]
[EventRounds "7"]
[EventCountry "LTU"]
[WhiteTeam "FRA"]
[BlackTeam "GER"]

1. d4 Nf6 2. c4 e6 3. Nc3 Bb4 4. Qc2 O-O 5. a3 Bxc3+ 6. Qxc3 b6 7. Bg5 Ba6 8.
e3 d6 9. Bd3 Nbd7 10. Ne2 Rc8 11. O-O Re8 12. Qc2 h6 13. Bxf6 Nxf6 14. e4 c5
15. d5 Rc7 16. Nc3 exd5 17. exd5 Ng4 18. a4 Qh4 19. h3 Ne5 20. Nb5 Bxb5 21.
axb5 g5 22. Rae1 Rce7 23. Re3 Kg7 24. b3 Qd4 25. Bf5 Ng6 26. Bxg6 fxg6 27.
Rxe7+ Rxe7 28. Qd1 Qe5 29. Qa1 Kf6 30. Qxe5+ Kxe5 31. Re1+ Kf6 32. Rxe7 Kxe7
33. Kf1 Kf6 34. Ke2 Kf5 35. Kf3 Ke5 36. Ke3 Kf5 37. Kf3 Ke5 1/2-1/2

[Event "NATO-ch 22nd"]
[Site "Kaunas"]
[Date "2011.08.10"]
[Round "4.10"]
[White "Wagenaar, Harm Theo"]
[Black "Mestek, Igor"]
[Result "0-1"]
[WhiteElo "2084"]
[BlackElo "2195"]
[PlyCount "176"]
[EventDate "2011.08.??"]
[EventType "swiss"]
[EventRounds "7"]
[EventCountry "LTU"]
[WhiteTeam "NED"]
[BlackTeam "SLO"]

1. d4 d5 2. Nf3 f5 3. e3 e6 4. Bd3 Bd6 5. b3 Nf6 6. Ba3 Qe7 7. Bxd6 cxd6 8.
Bb5+ Nbd7 9. O-O O-O 10. Re1 Ne4 11. Bxd7 Bxd7 12. c4 Rac8 13. cxd5 exd5 14.
Na3 Be8 15. Rc1 Bh5 16. Qd3 a6 17. Nd2 Bg6 18. f3 Nf6 19. f4 Rfe8 20. Nf1 Ne4
21. Nb1 Rc7 22. Nc3 Bf7 23. Ne2 Qh4 24. Neg3 Rec8 25. Qb1 g6 26. Rxc7 Rxc7 27.
Rc1 Qd8 28. Ne2 Be8 29. Rxc7 Qxc7 30. Qc1 Bc6 31. a3 Qb6 32. Qc2 Qa5 33. Qc1
Kg7 34. Nfg3 Nf6 35. Nf1 Bb5 36. Neg3 Bc6 37. Ne2 h5 38. h4 Qd8 39. g3 Bb5 40.
Kf2 Qe7 41. Nc3 Ng4+ 42. Kg1 Bxf1 43. Kxf1 Qxe3 44. Qxe3 Nxe3+ 45. Ke2 Nc2 46.
Kd3 Nxa3 47. Nxd5 Nb5 48. Nb6 Kf7 49. d5 Nc7 50. b4 Ke7 51. Nc8+ Kd7 52. Nb6+
Kd8 53. Kc4 Ne8 54. Kd4 Nf6 55. Nc4 Kc7 56. Nd2 b6 57. Kc4 Ng4 58. Nf3 Ne3+ 59.
Kd4 Nf1 60. Ng5 Nxg3 61. Ne6+ Kb7 62. Nf8 Ne2+ 63. Ke3 Nc3 64. Kd4 Ne2+ 65. Ke3
Ng3 66. Nxg6 a5 67. b5 Kc7 68. Ne7 Kd7 69. Nc6 a4 70. Kd3 Ne4 71. Nd4 a3 72.
Kc2 Nf6 73. Kb3 Nxd5 74. Nxf5 Nxf4 75. Kxa3 Ke6 76. Ng3 d5 77. Kb2 Ke5 78. Kc2
Kd4 79. Nf5+ Kc5 80. Kc3 Ne6 81. Ng3 Nf4 82. Nf5 Kxb5 83. Kd4 Kc6 84. Ne7+ Kd6
85. Nc8+ Kc7 86. Ne7 Kd6 87. Nc8+ Kc6 88. Ne7+ Kb5 0-1

[Event "NATO-ch 22nd"]
[Site "Kaunas"]
[Date "2011.08.10"]
[Round "4.11"]
[White "Jauk, Wilhelm"]
[Black "Ledoux, Jean Luc"]
[Result "1-0"]
[WhiteElo "2164"]
[BlackElo "2074"]
[PlyCount "129"]
[EventDate "2011.08.??"]
[EventType "swiss"]
[EventRounds "7"]
[EventCountry "LTU"]
[WhiteTeam "GER"]
[BlackTeam "FRA"]

1. d4 Nf6 2. Nf3 e6 3. Bg5 d5 4. e3 Be7 5. Nbd2 Nbd7 6. Bd3 O-O 7. O-O c5 8. c3
Qc7 9. Rc1 b6 10. Bb1 Bb7 11. Qc2 g6 12. Rfd1 Bd6 13. Bh4 Rac8 14. Bg3 Bxg3 15.
hxg3 e5 16. Nxe5 Nxe5 17. dxe5 Qxe5 18. Qa4 Bc6 19. Qf4 Qxf4 20. gxf4 Bb5 21.
Nf3 Be2 22. Rd2 Bxf3 23. gxf3 Rfe8 24. Rcd1 b5 25. Bd3 c4 26. Bf1 a5 27. a3 Rc7
28. f5 g5 29. Rd4 Kg7 30. f4 gxf4 31. Rxf4 b4 32. axb4 axb4 33. Bg2 Re5 34.
cxb4 Rb7 35. Rxc4 dxc4 36. Bxb7 Rb5 37. Bf3 Rxb4 38. Rd2 Kh6 39. Rc2 Nd7 40.
Bd5 Ne5 41. Kg2 Rb5 42. Bxc4 Nxc4 43. Rxc4 Rxb2 44. Rg4 f6 45. Kg3 Kh5 46. f3
Rb8 47. Kf4 Kh6 48. Rg1 Ra8 49. Ke4 Re8+ 50. Kd4 Rd8+ 51. Kc4 Rd7 52. e4 Rg7
53. Rxg7 Kxg7 54. Kd4 Kf8 55. Ke3 Ke7 56. f4 Ke8 57. e5 Ke7 58. Kf3 Kf7 59. Kg4
Kf8 60. Kh5 Kg7 61. e6 Kf8 62. Kh6 Kg8 63. e7 Kf7 64. Kxh7 Kxe7 65. Kg7 1-0

[Event "NATO-ch 22nd"]
[Site "Kaunas"]
[Date "2011.08.10"]
[Round "4.12"]
[White "Maes, Patrick"]
[Black "Tommasini, Enzo"]
[Result "1/2-1/2"]
[WhiteElo "2068"]
[BlackElo "2154"]
[PlyCount "30"]
[EventDate "2011.08.??"]
[EventType "swiss"]
[EventRounds "7"]
[EventCountry "LTU"]
[WhiteTeam "BEL"]
[BlackTeam "ITA"]

1. e4 e6 2. d3 d5 3. Nd2 c5 4. Ngf3 Nc6 5. g3 Nf6 6. Bg2 Be7 7. O-O O-O 8. Re1
dxe4 9. dxe4 b6 10. Qe2 e5 11. c3 Qc7 12. Nf1 a5 13. Bg5 Ba6 14. Qc2 Rad8 15.
Rad1 Rxd1 1/2-1/2

[Event "NATO-ch 22nd"]
[Site "Kaunas"]
[Date "2011.08.10"]
[Round "4.13"]
[White "Lazar, Ales Sr"]
[Black "Szczesniak, Andrzej"]
[Result "1/2-1/2"]
[WhiteElo "2150"]
[BlackElo "2050"]
[PlyCount "24"]
[EventDate "2011.08.??"]
[EventType "swiss"]
[EventRounds "7"]
[EventCountry "LTU"]
[WhiteTeam "SLO"]
[BlackTeam "POL"]

1. e4 c5 2. Nc3 a6 3. g3 b5 4. Bg2 Bb7 5. Nge2 e6 6. O-O h5 7. d4 cxd4 8. Nxd4
h4 9. Be3 Qc7 10. Qd2 Nf6 11. a3 Ng4 12. Nf3 hxg3 1/2-1/2

[Event "NATO-ch 22nd"]
[Site "Kaunas"]
[Date "2011.08.10"]
[Round "4.14"]
[White "Hernandez, Albertryan"]
[Black "Nielsen, Rene O"]
[Result "1/2-1/2"]
[WhiteElo "2072"]
[BlackElo "2149"]
[PlyCount "58"]
[EventDate "2011.08.??"]
[EventType "swiss"]
[EventRounds "7"]
[EventCountry "LTU"]
[WhiteTeam "USA"]
[BlackTeam "DEN"]

1. d4 Nf6 2. Nf3 e6 3. g3 d5 4. Bg2 Be7 5. O-O O-O 6. c4 c6 7. Nc3 Nbd7 8. a4
Re8 9. Ne5 Nxe5 10. dxe5 Nd7 11. cxd5 exd5 12. f4 Bc5+ 13. Kh1 f6 14. e6 Rxe6
15. Nxd5 Rd6 16. Qb3 cxd5 17. Bxd5+ Kh8 18. a5 Nb6 19. Bg2 Nd5 20. e4 Nb4 21.
Qc4 b6 22. axb6 Qxb6 23. e5 Rd4 24. Qf7 Be6 25. Qh5 Bd5 26. exf6 Qxf6 27. Be3
Bxg2+ 28. Kxg2 Rd5 29. Qf3 Qxb2+ 1/2-1/2

[Event "NATO-ch 22nd"]
[Site "Kaunas"]
[Date "2011.08.10"]
[Round "4.15"]
[White "Pazeriene, Diana"]
[Black "Bieluszewski, Piotr"]
[Result "0-1"]
[WhiteElo "2037"]
[BlackElo "2120"]
[PlyCount "72"]
[EventDate "2011.08.??"]
[EventType "swiss"]
[EventRounds "7"]
[EventCountry "LTU"]
[WhiteTeam "LTU"]
[BlackTeam "POL"]

1. d4 d5 2. Nf3 Nf6 3. c4 e6 4. g3 Bb4+ 5. Bd2 Be7 6. Bg2 O-O 7. O-O Ne4 8. Be3
Nd6 9. cxd5 exd5 10. Ne5 c6 11. Nc3 Nd7 12. Nxd7 Bxd7 13. Bf4 Nf5 14. e4 dxe4
15. Bxe4 Qb6 16. Qd3 g6 17. d5 Rad8 18. Be5 Rfe8 19. Qf3 Bg5 20. dxc6 bxc6 21.
Bxf5 Bxf5 22. Rae1 Bh3 23. Re4 Bxf1 24. h4 Be7 25. Kxf1 Qxb2 26. h5 Qc1+ 27.
Kg2 Qg5 28. hxg6 fxg6 29. Bf4 Qf6 30. Qe3 c5 31. Be5 Qf7 32. Rf4 Qe6 33. Re4
Qc6 34. Kh2 Rf8 35. Rf4 Qe6 36. Re4 Rd7 $138 0-1

[Event "NATO-ch 22nd"]
[Site "Kaunas"]
[Date "2011.08.10"]
[Round "4.16"]
[White "Oltean, Gusztav"]
[Black "Mankauskas, Donatas"]
[Result "1/2-1/2"]
[WhiteElo "2118"]
[BlackElo "1958"]
[PlyCount "46"]
[EventDate "2011.08.??"]
[EventType "swiss"]
[EventRounds "7"]
[EventCountry "LTU"]
[WhiteTeam "HUN"]
[BlackTeam "LTU"]

1. g3 Nf6 2. Bg2 g6 3. c4 d6 4. Nc3 Bg7 5. d4 O-O 6. e3 e5 7. Nge2 Nc6 8. O-O
Nh5 9. dxe5 dxe5 10. Qxd8 Nxd8 11. Nd5 c6 12. Ne7+ Kh8 13. Nxc8 Rxc8 14. Bd2
Ne6 15. Bc3 Rcd8 16. Rad1 Rxd1 17. Rxd1 Rd8 18. Rxd8+ Nxd8 19. Bf3 Ne6 20. Bxh5
gxh5 21. f4 f6 22. Bb4 Kg8 23. h4 f5 1/2-1/2

[Event "NATO-ch 22nd"]
[Site "Kaunas"]
[Date "2011.08.10"]
[Round "4.17"]
[White "Geerts, Luc"]
[Black "Nielsen, Jan Mose"]
[Result "0-1"]
[WhiteElo "1515"]
[BlackElo "2116"]
[PlyCount "84"]
[EventDate "2011.08.??"]
[EventType "swiss"]
[EventRounds "7"]
[EventCountry "LTU"]
[WhiteTeam "BEL"]
[BlackTeam "DEN"]

1. d4 Nf6 2. Nf3 d5 3. c4 c6 4. Nc3 a6 5. cxd5 cxd5 6. Bg5 Ne4 7. Bh4 Qa5 8.
Qa4+ Qxa4 9. Nxa4 Nd7 10. e3 e6 11. a3 b5 12. Nc3 Nxc3 13. bxc3 Nb6 14. Bd3 Bb7
15. Bg3 Rc8 16. Kd2 f6 17. h4 Be7 18. Bf4 Kd7 19. Rhg1 Na4 20. Rgc1 Bd8 21. Rc2
Ba5 22. Rac1 Rc6 23. g4 Rhc8 24. Ke2 Nxc3+ 25. Kf1 Ne4 26. g5 Rxc2 27. Rxc2
Rxc2 28. Bxc2 Bc3 29. gxf6 gxf6 30. Ne1 a5 31. Nd3 b4 32. axb4 axb4 33. f3 Ba6
34. Kg2 Bxd3 35. Bxd3 Nd2 36. Bxh7 f5 37. Bxf5 exf5 38. h5 Ke6 39. Bd6 b3 40.
Ba3 Nc4 41. h6 Kf7 42. Bc1 Bd2 0-1

[Event "NATO-ch 22nd"]
[Site "Kaunas"]
[Date "2011.08.10"]
[Round "4.18"]
[White "Lutz, Bernhard"]
[Black "Narman, Gokhan"]
[Result "1-0"]
[WhiteElo "2318"]
[BlackElo "2057"]
[PlyCount "111"]
[EventDate "2011.08.??"]
[EventType "swiss"]
[EventRounds "7"]
[EventCountry "LTU"]
[WhiteTeam "GER"]
[BlackTeam "TUR"]

1. d4 Nf6 2. c4 e6 3. Nf3 Bb4+ 4. Bd2 Qe7 5. g3 Nc6 6. Nc3 Bxc3 7. Bxc3 Ne4 8.
Rc1 Nxc3 9. Rxc3 d6 10. Bg2 O-O 11. O-O a5 12. Qd2 Rb8 13. d5 Nd8 14. Nd4 e5
15. Nb5 b6 16. f4 f6 17. f5 Nf7 {(=)} 18. Re3 Qd7 19. Nc3 Nh6 20. Be4 Ba6 21.
Bd3 Kf7 22. h3 Ke7 23. Ref3 Bb7 24. g4 Nf7 25. Bc2 Rbd8 26. Ba4 Qc8 27. Nb5 h5
28. Re3 c5 29. Na7 {(=)} Qc7 30. Rg3 Rh8 31. Nb5 Qd7 32. g5 Rdg8 33. h4 Qc8 34.
Nc3 Ba6 35. b3 Qc7 36. Ne4 Bc8 37. Kh2 Rf8 38. gxf6+ gxf6 39. Rg6 Rhg8 40. Nxf6
Rh8 41. Ne4 Kd8 42. Nxd6 Qe7 43. Nxf7+ Rxf7 44. Qg5 Qxg5 45. Rxg5 Ke7 46. e4
Bd7 47. Bxd7 Kxd7 48. Rg6 Kc7 49. Rfg1 a4 50. Rg7 Rhf8 51. bxa4 Kb7 52. Rxf7+
Rxf7 53. Rg8 Ka6 54. Ra8+ Kb7 55. Re8 Rg7 56. f6 1-0

[Event "NATO-ch 22nd"]
[Site "Kaunas"]
[Date "2011.08.10"]
[Round "4.19"]
[White "Giua, Frederic"]
[Black "Sari, Serdar"]
[Result "1-0"]
[WhiteElo "2235"]
[BlackElo "2032"]
[PlyCount "87"]
[EventDate "2011.08.??"]
[EventType "swiss"]
[EventRounds "7"]
[EventCountry "LTU"]
[WhiteTeam "FRA"]
[BlackTeam "TUR"]

1. d4 Nf6 2. Nf3 c5 3. g3 cxd4 4. Nxd4 e5 5. Nb3 d5 6. Bg2 Nc6 7. O-O Be7 8.
Be3 O-O 9. Bc5 Bxc5 10. Nxc5 Qe7 11. Nb3 Be6 12. c3 Rfd8 13. N1d2 Rac8 14. Rc1
g6 15. Nf3 h6 16. Qd2 Kg7 17. Qe3 Nd7 18. Nfd2 a5 19. a4 f5 20. f4 e4 21. Nb1
b6 22. Nd4 Nc5 23. b4 Nxa4 24. b5 Nxd4 25. Qxd4+ Kf7 26. Qxa4 Qc5+ 27. Kh1 d4
28. c4 d3 29. exd3 Rxd3 30. g4 Qd4 31. gxf5 gxf5 32. Qc2 Rxc4 33. Qe2 Rxc1 34.
Rxc1 Ke7 35. Qc2 e3 36. Qc7+ Kf6 37. Nc3 Rd2 38. Bf3 e2 39. Nxe2 Rxe2 40. Rg1
Rxh2+ 41. Kxh2 Qf2+ 42. Bg2 a4 43. Qe5+ Kf7 44. Rc1 1-0

[Event "NATO-ch 22nd"]
[Site "Kaunas"]
[Date "2011.08.10"]
[Round "4.20"]
[White "Nill, Oliver"]
[Black "Kruit, Erik"]
[Result "1-0"]
[WhiteElo "2198"]
[BlackElo "1914"]
[PlyCount "45"]
[EventDate "2011.08.??"]
[EventType "swiss"]
[EventRounds "7"]
[EventCountry "LTU"]
[WhiteTeam "GER"]
[BlackTeam "NED"]

1. c4 c5 2. Nc3 g6 3. g3 Bg7 4. Bg2 Nc6 5. Nf3 d6 6. O-O e6 7. Rb1 a5 8. e3 e5
9. d4 cxd4 10. exd4 Bf5 11. Ra1 exd4 12. Nb5 d3 13. Nh4 Nge7 14. Nxf5 Nxf5 15.
Re1+ Nfe7 16. Qxd3 O-O 17. Bg5 f6 18. Bf4 Ne5 19. Qxd6 N7c6 20. Rad1 Qb6 21.
Be3 Qa6 22. Nc7 Qxc4 23. Bd5+ 1-0

[Event "NATO-ch 22nd"]
[Site "Kaunas"]
[Date "2011.08.10"]
[Round "4.21"]
[White "Bucholtz, Robert"]
[Black "Koopmeiners, Karl"]
[Result "1-0"]
[WhiteElo "2112"]
[BlackElo "2022"]
[PlyCount "77"]
[EventDate "2011.08.??"]
[EventType "swiss"]
[EventRounds "7"]
[EventCountry "LTU"]
[WhiteTeam "USA"]
[BlackTeam "NATO"]

1. Nf3 d5 2. d4 Nf6 3. c4 c6 4. Nc3 e6 5. g3 dxc4 6. a4 Bb4 7. Qc2 b5 8. Bg2
Bb7 9. O-O Qb6 10. Rd1 Nbd7 11. e4 a6 12. e5 Nd5 13. Ne4 h6 14. b3 cxb3 15.
Qxb3 Be7 16. a5 Qc7 17. Bb2 O-O 18. Rdc1 f5 19. exf6 Bxf6 20. Bh3 Rae8 21.
Bxe6+ Rxe6 22. Qxd5 cxd5 23. Nxf6+ Nxf6 24. Rxc7 Ng4 25. Ne5 Nxe5 26. dxe5 Bc6
27. Rc1 Be8 28. R1c5 Rf7 29. Rxf7 Bxf7 30. Rxd5 Rc6 31. Rd6 Rxd6 32. exd6 Be8
33. f4 Bd7 34. Kf2 Kf7 35. Ke3 g6 36. Kd4 Ke6 37. Kc5 h5 38. Ba3 Bc8 39. Kc6
1-0

[Event "NATO-ch 22nd"]
[Site "Kaunas"]
[Date "2011.08.10"]
[Round "4.22"]
[White "Mottais, Francois"]
[Black "Onley, David"]
[Result "1/2-1/2"]
[WhiteElo "2065"]
[BlackElo "2105"]
[PlyCount "66"]
[EventDate "2011.08.??"]
[EventType "swiss"]
[EventRounds "7"]
[EventCountry "LTU"]
[WhiteTeam "FRA"]
[BlackTeam "ENG"]

1. d4 Nf6 2. c4 g6 3. Nc3 Bg7 4. e4 d6 5. f4 O-O 6. Nf3 Na6 7. Be2 e5 8. O-O
exd4 9. Nxd4 Re8 10. Bf3 Nc5 11. Re1 c6 12. b4 Ncxe4 13. Nxe4 Nxe4 14. Rxe4
Rxe4 15. Bxe4 Bg4 16. Qd3 Be2 17. Qd2 Qb6 18. Bb2 Re8 19. Bf3 Bxc4 20. Kh1 c5
21. bxc5 dxc5 22. Nb3 Rd8 23. Qc2 Bd3 24. Qf2 Bxb2 25. Qxb2 c4 26. Rd1 cxb3 27.
Qxb3 Ba6 28. Qxb6 Rxd1+ 29. Bxd1 axb6 30. Bb3 Bb5 31. Kg1 Kf8 32. Kf2 Ke7 33.
Ke3 f6 1/2-1/2

[Event "NATO-ch 22nd"]
[Site "Kaunas"]
[Date "2011.08.10"]
[Round "4.23"]
[White "Zengin, Sedat"]
[Black "Tucker, David Sidney"]
[Result "1/2-1/2"]
[WhiteElo "2064"]
[BlackElo "2096"]
[PlyCount "72"]
[EventDate "2011.08.??"]
[EventType "swiss"]
[EventRounds "7"]
[EventCountry "LTU"]
[WhiteTeam "TUR"]
[BlackTeam "ENG"]

1. e4 c5 2. Nf3 Nc6 3. Bb5 d6 4. O-O Bd7 5. Re1 Nf6 6. c3 a6 7. Bxc6 Bxc6 8. e5
Nd5 9. d4 cxd4 10. Nxd4 e6 11. Nxc6 bxc6 12. Qa4 Qc7 13. Nd2 dxe5 14. Nc4 f6
15. f4 Bc5+ 16. Kh1 O-O 17. b4 Nxc3 18. Qb3 Bd4 19. Bb2 Nd5 20. fxe5 Bxb2 21.
Qxb2 Rab8 22. a3 a5 23. exf6 Rxf6 24. Nxa5 c5 25. Rac1 Rh6 26. Qe5 Qxe5 27.
Rxe5 cxb4 28. Nc6 Rb6 29. axb4 Nxb4 30. Ne7+ Kf8 31. Nc8 Rc6 32. Rxc6 Nxc6 33.
Rc5 Rf6 34. Kg1 e5 35. Nb6 Rd6 36. Nc4 Re6 1/2-1/2

[Event "NATO-ch 22nd"]
[Site "Kaunas"]
[Date "2011.08.10"]
[Round "4.24"]
[White "Franck, Boris"]
[Black "Bellemare, Regis"]
[Result "1-0"]
[WhiteElo "2090"]
[BlackElo "1736"]
[PlyCount "95"]
[EventDate "2011.08.??"]
[EventType "swiss"]
[EventRounds "7"]
[EventCountry "LTU"]
[WhiteTeam "FRA"]
[BlackTeam "CAN"]

1. e4 c5 2. c3 e6 3. d4 cxd4 4. cxd4 d5 5. exd5 Qxd5 6. Nc3 Bb4 7. Nf3 Nc6 8.
Be2 Nf6 9. O-O Bxc3 10. bxc3 O-O 11. c4 Qd8 12. Bg5 h6 13. Bh4 g5 14. Bg3 Ne4
15. Bd3 Nxg3 16. hxg3 Qf6 17. Qd2 Kg7 18. Bc2 b6 19. Rfe1 Bb7 20. Rad1 Rad8 21.
Qe3 Rh8 22. Be4 Na5 23. Ne5 Bxe4 24. Qxe4 h5 25. Rd3 Qe7 26. d5 f6 27. Qg6+ Kf8
28. Nc6 Nxc6 29. Rxe6 Ne5 30. Rxf6+ Nf7 31. Rdf3 Rd7 32. Rxf7+ Qxf7 33. Rxf7+
Rxf7 34. Qxg5 Rhh7 35. Qd8+ Kg7 36. Qg5+ Kf8 37. Qd8+ Kg7 38. a4 Kg6 39. f4 Kf5
40. a5 bxa5 41. Qxa5 Ke4 42. d6 Rb7 43. Qe5+ Kd3 44. c5 h4 45. gxh4 Kc4 46. h5
a5 47. c6 Ra7 48. c7 1-0